Duchovní ráz naší doby /

Hlavní autor: Mokrejš, Antonín, 1932-
Jazyk: Čeština
Vydáno: V Praze : Triton, 2007
Vydání: Vyd. 1.
Témata:
Externí odkaz: Digitalizovaný dokument
Fyzický popis: 170 s. ; 21 cm
Knihy
Uloženo v:
LEADER 01711nam a2200493 a 4500
001 nkc20071713475
003 CZ PrNK
005 20250908235012.0
007 ta
008 070322s2007 xr e 000 0 cze
015 |a cnb001713475 
020 |a 978-80-7254-960-3  |q (váz.) 
035 |a (OCoLC)188554480 
040 |a OLA001  |b cze 
045 |a x-y0 
072 7 |a 316.4  |x Sociální procesy  |2 Konspekt  |9 18 
080 |a 316.42"19/20"  |2 MRF 
080 |a 321  |2 MRF 
080 |a 159.923.2  |2 MRF 
080 |a 316.752  |2 MRF 
080 |a (049)  |2 MRF 
100 1 |a Mokrejš, Antonín,  |d 1932-  |7 jk01081971  |4 aut 
245 1 0 |a Duchovní ráz naší doby /  |c Antonín Mokrejš 
250 |a Vyd. 1. 
260 |a V Praze :  |b Triton,  |c 2007 
300 |a 170 s. ;  |c 21 cm 
648 7 |a 20.-21. století  |7 ch462155  |2 czenas 
650 0 7 |a postmoderní společnost  |7 ph124410  |2 czenas 
650 0 7 |a liberalismus  |7 ph115136  |2 czenas 
650 0 7 |a identita  |7 ph121025  |2 czenas 
650 0 7 |a hodnoty  |7 ph120778  |y 20.-21. století  |2 czenas 
650 0 9 |a postmodern society  |2 eczenas 
650 0 9 |a liberalism  |2 eczenas 
650 0 9 |a identity  |2 eczenas 
650 0 9 |a values  |y 20th-21st centuries  |2 eczenas 
655 7 |a pojednání  |7 fd133056  |2 czenas 
655 9 |a essays  |2 eczenas 
856 4 1 |u http://www.digitalniknihovna.cz/mzk/uuid/uuid:1d2f2c60-5e54-11f0-b9f6-5ef3fc9bb22f  |y Digitalizovaný dokument  |x NDK 
910 2 |a BOA001  |b 2-1182.845 
990 |a BK 
995 |a 01 
991 |b 200708  |c NOV 
996 6 |b 2610315913  |c 2-1182.845  |l MZK  |r Sklad / do 1 hodiny  |n 0  |p p.v.  |w 000856562  |u 000010  |a 1  |e BOA001  |j MZK50  |s P 
996 7 |b 2610537786  |c 2-1182.845  |l MZK  |r Sklad / do 1 hodiny  |n 4  |p kup  |w 000856562  |u 000020  |a 1  |e BOA001  |j MZK50  |s A